[Event "NOR-chT Elite 2324"]
[Site "Norway"]
[Date "2024.03.08"]
[Round "7.25"]
[White "Kaasen, Tor Fredrik"]
[Black "Fossan, Aleksander"]
[Result "1/2-1/2"]
[WhiteElo "2449"]
[BlackElo "2138"]
[PlyCount "74"]
[EventDate "2023.10.27"]
[EventType "team-tourn"]
[EventRounds "9"]
[EventCountry "NOR"]
[SourceTitle "CB16_2024"]
[SourceDate "2024.04.17"]
[SourceVersion "1"]
[SourceVersionDate "2024.04.17"]
[SourceQuality "1"]
[WhiteTeam "Offerspill"]
[BlackTeam "Stavanger"]
[WhiteTeamCountry "NOR"]
[BlackTeamCountry "NOR"]

1. e4 c5 2. Nf3 g6 3. c3 Nf6 4. e5 Nd5 5. Qb3 e6 6. d4 cxd4 7. cxd4 Nc6 8. Nc3 Nxc3 9. bxc3 d6 10. Bf4 dxe5 11. Nxe5 Bg7 12. Nxc6 bxc6 13. Be2 0-0 14. 0-0 Qa5 15. Bf3 e5 16. dxe5 Be6 17. Qb4 Qa6 18. Qc5 Rab8 19. Rfd1 Rb5 20. Qe3 Ra5 21. Rd2 h5 22. h4 Re8 23. Rd6 Rxa2 24. Rxa2 Qxa2 25. Bxc6 Rc8 26. Qd4 a5 27. Kh2 Qb3 28. Bg3 Bf8 29. Bd7 Bxd7 30. Rxd7 a4 31. e6 Qxe6 32. Qxa4 Rxc3 33. Rd8 Rc8 34. Qd4 Rxd8 35. Qxd8 Qe7 36. Qb8 Kh7 37. Qc7 Qxc7 1/2-1/2

[Event "NOR-chT Elite 2324"]
[Site "Norway"]
[Date "2024.02.03"]
[Round "5.15"]
[White "Fossan, Aleksander"]
[Black "Getz, Nicolai"]
[Result "0-1"]
[WhiteElo "2133"]
[BlackElo "2354"]
[PlyCount "140"]
[EventDate "2023.10.27"]
[EventType "team-tourn"]
[EventRounds "9"]
[EventCountry "NOR"]
[SourceTitle "CB16_2024"]
[SourceDate "2024.04.17"]
[SourceVersion "1"]
[SourceVersionDate "2024.04.17"]
[SourceQuality "1"]
[WhiteTeam "Stavanger"]
[BlackTeam "OSS"]
[WhiteTeamCountry "NOR"]
[BlackTeamCountry "NOR"]

1. e4 d6 2. d4 Nf6 3. Nc3 e5 4. dxe5 dxe5 5. Qxd8+ Kxd8 6. f4 Bd6 7. Nf3 Nbd7 8. fxe5 Nxe5 9. Bg5 h6 10. Bxf6+ gxf6 11. 0-0-0 Ng4 12. Rd2 Bd7 13. g3 Bc5 14. Nd1 Ke7 15. Nh4 Bc6 16. Nf5+ Kf8 17. Bg2 Re8 18. h3 Ne5 19. Nde3 Rg8 20. Nd5 Nc4 21. Nxf6 Rg6 22. Nd7+ Bxd7 23. Rxd7 Ne3 24. Bf3 Nxf5 25. exf5 Rxg3 26. Bxb7 Re7 27. Rd5 Be3+ 28. Kb1 Kg7 29. Ba6 Kf6 30. Bd3 Bg1 31. a4 Re5 32. Rd7 Re7 33. Rd8 a5 34. Rh8 Be3 35. Ra8 Bb6 36. Rh8 Be3 37. Ka2 Rd7 38. Re8 Rd4 39. b3 Rh4 40. Bf1 Bb6 41. Rd8 Re3 42. Rd3 Re1 43. Rf3 Rd4 44. Bg2 Re2 45. Rg3 Rxc2+ 46. Kb1 Rdd2 47. Be4 Rb2+ 48. Kc1 Bc5 49. Rd1 Re2 50. Bd3 Rh2 51. Rh1 Rhf2 52. Rf1 Rxb3 53. Rxf2 Bxf2 54. Rf3 Bd4 55. Kc2 Ra3 56. Rf4 c5 57. Rh4 Ke5 58. Rxh6 c4 59. Be2 Ra2+ 60. Kd1 c3 61. Rc6 Rxa4 62. Bd3 Ra1+ 63. Kc2 a4 64. Ra6 Ra2+ 65. Kc1 Be3+ 66. Kb1 Rb2+ 67. Ka1 Rd2 68. Ra5+ Kd4 69. Bb1 c2 70. Rxa4+ Ke5 0-1

[Event "NOR-chT Elite 2223"]
[Site "Norway"]
[Date "2023.03.04"]
[Round "8.15"]
[White "Fossan, Aleksander"]
[Black "Gabrielsen, Stig"]
[Result "0-1"]
[WhiteElo "2094"]
[BlackElo "2266"]
[PlyCount "81"]
[EventDate "2022.11.11"]
[EventType "team-tourn"]
[EventRounds "9"]
[EventCountry "NOR"]
[SourceTitle "CBM 213 Extra"]
[Source "ChessBase"]
[SourceDate "2023.05.31"]
[SourceVersion "1"]
[SourceVersionDate "2023.05.31"]
[SourceQuality "1"]
[WhiteTeam "Stavanger"]
[BlackTeam "Bergens"]
[WhiteTeamCountry "NOR"]
[BlackTeamCountry "NOR"]

1. e4 g6 2. d4 Bg7 3. Nc3 d6 4. Be3 a6 5. Qd2 b5 6. 0-0-0 Bb7 7. f3 Nd7 8. Kb1 Rc8 9. g4 c5 10. dxc5 Nxc5 11. Bd4 Bxd4 12. Qxd4 Nf6 13. Nge2 h6 14. h4 e5 15. Qe3 Qc7 16. Bh3 b4 17. g5 Nfd7 18. Nd5 Bxd5 19. exd5 h5 20. f4 0-0 21. f5 Na4 22. Qc1 Rb8 23. Rhf1 Ndc5 24. fxg6 fxg6 25. Rf6 Kg7 26. Rdf1 Ne4 27. Rxf8 Rxf8 28. Rxf8 Kxf8 29. Be6 Kg7 30. Qe3 Nac5 31. Ng3 Nxg3 32. Qxg3 Qe7 33. a3 a5 34. axb4 axb4 35. Qh3 Qf8 36. Qh1 Qf2 37. Bc8 e4 38. Qd1 Kh7 39. c3 b3 40. Bh3 Nd3 41. Qxb3 0-1

[Event "NOR-chT Elite 2223"]
[Site "Norway"]
[Date "2023.01.15"]
[Round "6.15"]
[White "Fossan, Aleksander"]
[Black "Royset, Pal"]
[Result "1-0"]
[WhiteElo "2094"]
[BlackElo "2058"]
[PlyCount "105"]
[EventDate "2022.11.11"]
[EventType "team-tourn"]
[EventRounds "9"]
[EventCountry "NOR"]
[SourceTitle "CBM 213 Extra"]
[Source "ChessBase"]
[SourceDate "2023.05.31"]
[SourceVersion "1"]
[SourceVersionDate "2023.05.31"]
[SourceQuality "1"]
[WhiteTeam "Stavanger"]
[BlackTeam "Tromsoe"]
[WhiteTeamCountry "NOR"]
[BlackTeamCountry "NOR"]

1. e4 c5 2. c3 d5 3. exd5 Qxd5 4. d4 Nf6 5. Nf3 Bg4 6. Be2 cxd4 7. cxd4 e6 8. 0-0 Nc6 9. h3 Bh5 10. Nc3 Qd6 11. Be3 Be7 12. Qb3 0-0 13. Rfd1 Nb4 14. d5 Nbxd5 15. g4 Bg6 16. g5 Ne4 17. Nxd5 exd5 18. Rxd5 Qe6 19. Bf1 Bd6 20. Bg2 Rad8 21. Rb5 b6 22. Nh4 Rfe8 23. Qxe6 Rxe6 24. Nxg6 hxg6 25. a4 Bc5 26. Bxe4 Bxe3 27. Bd5 Red6 28. Bxf7+ Kxf7 29. fxe3 Rd1+ 30. Rxd1 Rxd1+ 31. Kf2 Ra1 32. b3 Ke6 33. Kf3 Rh1 34. Kg3 Re1 35. Kf4 Rf1+ 36. Ke4 Kd6 37. Rd5+ Ke6 38. a5 Rf5 39. Rxf5 gxf5+ 40. Kf4 bxa5 41. h4 g6 42. Kf3 Ke5 43. Ke2 Kd5 44. Kd3 Ke5 45. Ke2 Kd5 46. Kf3 Ke5 47. Kg3 Ke4 48. Kf2 Kd5 49. h5 gxh5 50. Kg3 Ke4 51. g6 Kxe3 52. g7 f4+ 53. Kh2 1-0

[Event "NOR-chT Elite 2223"]
[Site "Norway"]
[Date "2023.01.14"]
[Round "5.15"]
[White "Aulin Jansson, Joran"]
[Black "Fossan, Aleksander"]
[Result "0-1"]
[WhiteElo "2192"]
[BlackElo "2094"]
[PlyCount "130"]
[EventDate "2022.11.11"]
[EventType "team-tourn"]
[EventRounds "9"]
[EventCountry "NOR"]
[SourceTitle "CBM 213 Extra"]
[Source "ChessBase"]
[SourceDate "2023.05.31"]
[SourceVersion "1"]
[SourceVersionDate "2023.05.31"]
[SourceQuality "1"]
[WhiteTeam "Asker"]
[BlackTeam "Stavanger"]
[WhiteTeamCountry "NOR"]
[BlackTeamCountry "NOR"]

1. e4 d5 2. exd5 Nf6 3. d4 Bg4 4. Be2 Bxe2 5. Nxe2 Qxd5 6. 0-0 e6 7. Bf4 c6 8. Nd2 Be7 9. c4 Qa5 10. Qb3 Qb6 11. Rfe1 0-0 12. Nf3 Qxb3 13. axb3 Na6 14. Nc3 Nb4 15. Rad1 Rfd8 16. h3 h6 17. g4 Kf8 18. Be5 c5 19. Rd2 cxd4 20. Nxd4 Nc6 21. Nf3 Rxd2 22. Nxd2 Nxe5 23. Rxe5 Rd8 24. Re2 Rd3 25. Kg2 Bb4 26. Ndb1 Nd7 27. Rd2 Nc5 28. Rxd3 Nxd3 29. Kf3 Ke7 30. Ke3 Nc5 31. Na2 a5 32. Nxb4 axb4 33. Nd2 e5 34. f4 exf4+ 35. Kxf4 Ke6 36. Ke3 g6 37. h4 b6 38. Kf4 Nd3+ 39. Ke4 Nc5+ 40. Ke3 f6 41. Nf1 Nxb3 42. Ng3 Ke5 43. Ne2 g5 44. hxg5 hxg5 45. Ng1 f5 46. Nf3+ Kf6 47. Nh2 Ke6 48. Nf3 fxg4 49. Nxg5+ Kf5 50. Ne4 Na5 51. Ng3+ Ke5 52. Kd3 Kf4 53. Nh5+ Kf3 54. Kd4 Ke2 55. c5 bxc5+ 56. Kxc5 b3 57. Kd4 Kd2 58. Nf6 g3 59. Ne4+ Kc2 60. Nxg3 Kxb2 61. Kd3 Ka2 62. Ne4 b2 63. Nc3+ Ka1 64. Kd4 Nb3+ 65. Kd3 Nc1+ 0-1

[Event "Fagernes op"]
[Site "Fagernes"]
[Date "2020.10.11"]
[Round "9"]
[White "Brodtkorb, Lars Johan"]
[Black "Fossan, Aleksander"]
[Result "1/2-1/2"]
[WhiteElo "2166"]
[BlackElo "2171"]
[PlyCount "64"]
[EventDate "2020.10.04"]
[EventType "swiss"]
[EventRounds "9"]
[EventCountry "NOR"]
[SourceTitle "EXT 2021"]
[Source "ChessBase"]
[SourceDate "2020.10.23"]
[SourceVersion "1"]
[SourceVersionDate "2020.10.23"]
[SourceQuality "1"]

1. d4 Nf6 2. c4 g6 3. Nf3 Bg7 4. e3 0-0 5. Be2 d5 6. cxd5 Nxd5 7. 0-0 Nb6 8. e4 Bg4 9. Nbd2 e5 10. Nxe5 Bxe2 11. Qxe2 Qxd4 12. Ndf3 Qb4 13. Nd3 Qb5 14. Bf4 Na6 15. Rad1 Rfe8 16. Rfe1 Rad8 17. Kf1 c6 18. e5 Rd5 19. b3 Nc7 20. Bg3 Ne6 21. Nb2 Rxd1 22. Rxd1 Qxe2+ 23. Kxe2 Nd5 24. Kf1 Nc5 25. Nc4 Ne4 26. Nd6 Nxg3+ 27. hxg3 Re7 28. a4 b6 29. Nc8 Rd7 30. Ke1 Bf8 31. Rd3 Bb4+ 32. Kf1 Rc7 1/2-1/2

[Event "Oslo Offerspill op"]
[Site "Oslo"]
[Date "2020.06.10"]
[Round "8"]
[White "Fossan, Aleksander"]
[Black "Skaslien, Ingrid"]
[Result "1-0"]
[WhiteElo "2240"]
[BlackElo "2024"]
[PlyCount "59"]
[EventDate "2020.06.10"]
[EventType "swiss"]
[EventRounds "9"]
[EventCountry "NOR"]
[SourceTitle "CBM 197 Extra"]
[Source "ChessBase"]
[SourceDate "2020.09.30"]
[SourceVersion "1"]
[SourceVersionDate "2020.09.30"]
[SourceQuality "1"]

1. e4 e6 2. d4 d5 3. Nc3 Nf6 4. e5 Nfd7 5. f4 c5 6. Nf3 Nc6 7. Be3 Be7 8. Qd2 0-0 9. Be2 b6 10. 0-0 f5 11. dxc5 Nxc5 12. Rad1 Bb7 13. a3 Rc8 14. Bb5 Ne4 15. Nxe4 dxe4 16. Qf2 Qc7 17. Nd2 Nd8 18. c3 Bc6 19. a4 Nf7 20. Nb3 Rcd8 21. Nd4 Bd7 22. Qe2 Qc8 23. g4 Nh6 24. h3 Be8 25. Bc4 Bd7 26. Bb5 Be8 27. Ba6 Qb8 28. Nxe6 Bxa4 29. Rxd8 Rxd8 30. Nxd8 1-0

[Event "Kragero op"]
[Site "Kragero"]
[Date "2020.02.22"]
[Round "7"]
[White "Fossan, Aleksander"]
[Black "Sriram, Jha"]
[Result "1/2-1/2"]
[WhiteElo "2193"]
[BlackElo "2383"]
[PlyCount "43"]
[EventDate "2020.02.19"]
[EventType "swiss"]
[EventRounds "9"]
[EventCountry "NOR"]
[SourceTitle "CBM 195 Extra"]
[Source "ChessBase"]
[SourceDate "2020.05.31"]
[SourceVersion "1"]
[SourceVersionDate "2020.05.31"]
[SourceQuality "1"]

1. e4 c5 2. c3 d5 3. exd5 Qxd5 4. d4 g6 5. Nf3 Bg7 6. Nbd2 cxd4 7. Bc4 Qd8 8. Nxd4 Nf6 9. 0-0 0-0 10. Re1 Nbd7 11. N2f3 Qc7 12. Qe2 e5 13. Nb5 Qc6 14. Be3 a6 15. Na7 Qc7 16. Nxc8 Raxc8 17. Bb3 e4 18. Nd2 Rfe8 19. Qc4 Ne5 20. Qxc7 Rxc7 21. Bf4 Rce7 22. Nxe4 1/2-1/2

[Event "Kragero op"]
[Site "Kragero"]
[Date "2020.02.20"]
[Round "4"]
[White "Vestby Ellingsen, Mads"]
[Black "Fossan, Aleksander"]
[Result "1-0"]
[WhiteElo "2357"]
[BlackElo "2193"]
[PlyCount "75"]
[EventDate "2020.02.19"]
[EventType "swiss"]
[EventRounds "9"]
[EventCountry "NOR"]
[SourceTitle "CBM 195 Extra"]
[Source "ChessBase"]
[SourceDate "2020.05.31"]
[SourceVersion "1"]
[SourceVersionDate "2020.05.31"]
[SourceQuality "1"]

1. d4 Nf6 2. Bg5 c5 3. d5 Ne4 4. Bf4 Qb6 5. Nd2 Qxb2 6. Nxe4 Qb4+ 7. c3 Qxe4 8. e3 g6 9. Nf3 Bg7 10. Rc1 0-0 11. c4 Qf5 12. Bd3 Qf6 13. h4 b5 14. h5 Qb2 15. cxb5 Bb7 16. hxg6 hxg6 17. 0-0 d6 18. e4 Nd7 19. a4 Rfc8 20. Re1 Qa3 21. Bf1 Nb6 22. Ng5 Qxa4 23. Qg4 Qd4 24. Re3 Rc7 25. Rf3 Nd7 26. Nxf7 Nf6 27. Qxg6 Qxe4 28. Nh6+ Kh8 29. Nf7+ Kg8 30. Nh6+ Kh8 31. Nf5 e5 32. dxe6 Qxe6 33. Rh3+ Kg8 34. Re1 Be4 35. Rxe4 Qxe4 36. Nh6+ Kf8 37. Bxd6+ Re7 38. Qf7# 1-0

[Event "Karlstad op"]
[Site "Karlstad"]
[Date "2019.12.30"]
[Round "8"]
[White "Fossan, Aleksander"]
[Black "Vernersson, Per"]
[Result "1/2-1/2"]
[WhiteElo "2160"]
[BlackElo "2264"]
[PlyCount "40"]
[EventDate "2019.12.27"]
[EventType "swiss"]
[EventRounds "8"]
[EventCountry "SWE"]
[SourceTitle "CBM 195 Extra"]
[Source "ChessBase"]
[SourceDate "2020.05.31"]
[SourceVersion "1"]
[SourceVersionDate "2020.05.31"]
[SourceQuality "1"]

1. e4 c6 2. d4 d5 3. exd5 cxd5 4. c4 Nf6 5. Nc3 e6 6. c5 Be7 7. Nf3 0-0 8. Bf4 Nc6 9. Bb5 Ne4 10. Qc2 Qa5 11. Bxc6 bxc6 12. Ne5 Bb7 13. 0-0 Nxc3 14. bxc3 f6 15. Nd3 e5 16. dxe5 fxe5 17. Bxe5 Ba6 18. Rab1 Rf7 19. Bd4 Bxd3 20. Qxd3 Bxc5 1/2-1/2

[Event "Karlstad op"]
[Site "Karlstad"]
[Date "2019.12.28"]
[Round "5"]
[White "Jonsson, Magnus"]
[Black "Fossan, Aleksander"]
[Result "0-1"]
[WhiteElo "2035"]
[BlackElo "2160"]
[PlyCount "98"]
[EventDate "2019.12.27"]
[EventType "swiss"]
[EventRounds "8"]
[EventCountry "SWE"]
[SourceTitle "CBM 195 Extra"]
[Source "ChessBase"]
[SourceDate "2020.05.31"]
[SourceVersion "1"]
[SourceVersionDate "2020.05.31"]
[SourceQuality "1"]

1. e4 c5 2. Nf3 g6 3. d4 cxd4 4. Qxd4 Nf6 5. Bb5 a6 6. e5 axb5 7. exf6 e6 8. Nc3 b4 9. Nb5 Ra5 10. Nd6+ Bxd6 11. Qxd6 Nc6 12. 0-0 Qxf6 13. Bh6 Qe7 14. Qd2 f6 15. Be3 Kf7 16. c4 bxc3 17. Qxc3 e5 18. a3 d5 19. b4 d4 20. Qb2 Rd5 21. Bd2 Bg4 22. b5 Nd8 23. a4 Ne6 24. Bb4 Qd7 25. Nd2 Nf4 26. f3 Bf5 27. Ne4 Kg7 28. b6 d3 29. Bd2 Ne2+ 30. Kh1 Ra8 31. Nc3 Nxc3 32. Qxc3 Rxa4 33. Rxa4 Qxa4 34. Rc1 Qb5 35. Qc7+ Rd7 36. Qb8 Qxb6 37. g4 Qb2 38. gxf5 Qxd2 39. Qc8 Rf7 40. Rc7 Rxc7 41. Qxc7+ Kh6 42. fxg6 hxg6 43. Qd7 f5 44. Qe8 Qf2 45. Qh8+ Kg5 46. Qd8+ Kf4 47. h4 Qxf3+ 48. Kh2 Qe2+ 49. Kh3 d2 0-1

[Event "Bergen Grand Prix"]
[Site "Bergen"]
[Date "2019.11.16"]
[Round "3"]
[White "Haldorsen, Benjamin"]
[Black "Fossan, Aleksander"]
[Result "1/2-1/2"]
[WhiteElo "2443"]
[BlackElo "2179"]
[PlyCount "51"]
[EventDate "2019.11.15"]
[EventType "swiss"]
[EventRounds "5"]
[EventCountry "NOR"]
[SourceTitle "CBM 193 Extra"]
[Source "ChessBase"]
[SourceDate "2020.01.31"]
[SourceVersion "1"]
[SourceVersionDate "2020.01.31"]
[SourceQuality "1"]

1. e4 c5 2. Nf3 g6 3. c4 Nc6 4. d4 cxd4 5. Nxd4 Nf6 6. Nc3 Nxd4 7. Qxd4 d6 8. Be3 Bg7 9. f3 0-0 10. Qd2 a5 11. Be2 a4 12. Rc1 Qa5 13. Kf2 Be6 14. Nd5 Bxd5 15. Qxa5 Rxa5 16. exd5 Nd7 17. Rb1 Nc5 18. Rhd1 f5 19. g3 Raa8 20. Kg2 Rfc8 21. h4 Kf7 22. h5 Re8 23. hxg6+ hxg6 24. Bf2 Rh8 25. Rd2 Be5 26. Bxc5 1/2-1/2

[Event "Skien-ch U20"]
[Site "Skien"]
[Date "2019.11.10"]
[Round "7"]
[White "Nordquelle, Daniel"]
[Black "Fossan, Aleksander"]
[Result "1-0"]
[WhiteElo "2190"]
[BlackElo "2179"]
[PlyCount "103"]
[EventDate "2019.11.08"]
[EventType "swiss"]
[EventRounds "7"]
[EventCountry "NOR"]
[SourceTitle "CBM 193 Extra"]
[Source "ChessBase"]
[SourceDate "2020.01.31"]
[SourceVersion "1"]
[SourceVersionDate "2020.01.31"]
[SourceQuality "1"]

1. e4 c5 2. Nf3 g6 3. c3 Bg7 4. d4 cxd4 5. cxd4 d5 6. e5 Bg4 7. Bb5+ Nd7 8. 0-0 e6 9. b3 Ne7 10. Ba3 0-0 11. Nbd2 a6 12. Be2 Re8 13. h3 Bxf3 14. Nxf3 Nc6 15. h4 f6 16. exf6 Nxf6 17. Re1 Ne4 18. Bb2 Qb6 19. Bd3 Nd6 20. h5 Nf5 21. hxg6 hxg6 22. Bxf5 exf5 23. Ne5 Nxe5 24. dxe5 Rad8 25. Bd4 Qe6 26. Qd2 Rc8 27. f4 Bf8 28. Rac1 Ba3 29. Rxc8 Rxc8 30. Qf2 Bb4 31. Rd1 Kg7 32. Qe3 Kf7 33. Kf1 Qc6 34. Qh3 Kg8 35. Qg3 Rc7 36. Qf3 Rh7 37. Bg1 Rd7 38. Bd4 Kf7 39. Qd3 Ke6 40. Be3 Ba3 41. Rd2 Qc1+ 42. Ke2 Bb4 43. Rc2 Qe1+ 44. Kf3 Qh1 45. Rc1 Qh5+ 46. Kf2 Qh4+ 47. Kg1 Rh7 48. Qd4 Qh1+ 49. Kf2 Qh4+ 50. Kf1 Qd8 51. Qxb4 Rh1+ 52. Bg1 1-0

[Event "Skien-ch U20"]
[Site "Skien"]
[Date "2019.11.09"]
[Round "5"]
[White "Fossan, Aleksander"]
[Black "Risting, Eivind Olav"]
[Result "0-1"]
[WhiteElo "2179"]
[BlackElo "2298"]
[PlyCount "46"]
[EventDate "2019.11.08"]
[EventType "swiss"]
[EventRounds "7"]
[EventCountry "NOR"]
[SourceTitle "CBM 193 Extra"]
[Source "ChessBase"]
[SourceDate "2020.01.31"]
[SourceVersion "1"]
[SourceVersionDate "2020.01.31"]
[SourceQuality "1"]

1. e4 c5 2. c3 d6 3. d4 Nf6 4. Bd3 g6 5. Nf3 Bg7 6. 0-0 0-0 7. h3 Nc6 8. Re1 e5 9. Na3 cxd4 10. cxd4 Nxd4 11. Nxd4 exd4 12. Bf4 a6 13. Qd2 Be6 14. Qb4 Nh5 15. Qxd6 Qh4 16. Bh2 Rfd8 17. Qb6 Qg5 18. Bf1 Bxh3 19. f4 Nxf4 20. Bxf4 Qxf4 21. gxh3 d3 22. Kh1 Bd4 23. Qa5 Be5 0-1

[Event "Helsingor Xtracon op"]
[Site "Helsingor"]
[Date "2019.07.21"]
[Round "3"]
[White "Meyer, Juergen"]
[Black "Fossan, Aleksander"]
[Result "1/2-1/2"]
[WhiteElo "1889"]
[BlackElo "2155"]
[PlyCount "70"]
[EventDate "2019.07.20"]
[EventType "swiss"]
[EventRounds "10"]
[EventCountry "DEN"]
[SourceTitle "CBM 191 Extra"]
[Source "ChessBase"]
[SourceDate "2019.09.30"]
[SourceVersion "1"]
[SourceVersionDate "2019.09.30"]
[SourceQuality "1"]

1. e4 c5 2. Nf3 Nc6 3. d4 cxd4 4. Nxd4 g6 5. c4 Bg7 6. Be3 d6 7. Nc3 Nf6 8. Be2 0-0 9. 0-0 Bd7 10. f3 Nxd4 11. Bxd4 a5 12. Qd2 Bc6 13. Rab1 Nd7 14. Be3 Nc5 15. b3 Qb6 16. Rfc1 Rfc8 17. Bd1 Qb4 18. a4 Qb6 19. Nd5 Qd8 20. Nf4 h5 21. Nd3 Ne6 22. Nf4 Nc5 23. Nd3 Nxd3 24. Qxd3 Kh7 25. Qd2 Qf8 26. Be2 Bh6 27. Bxh6 Qxh6 28. Qxh6+ Kxh6 29. Kf2 g5 30. Ke3 Bd7 31. Bd3 b6 32. Rf1 Rf8 33. Kd4 f6 34. Rbe1 Rg8 35. Rg1 Raf8 1/2-1/2

[Event "NOR-ch Master"]
[Site "Larvik"]
[Date "2019.07.12"]
[Round "8"]
[White "Fossan, Aleksander"]
[Black "Kristiansen, Willy"]
[Result "0-1"]
[WhiteElo "2155"]
[BlackElo "2118"]
[PlyCount "98"]
[EventDate "2019.07.05"]
[EventType "swiss"]
[EventRounds "9"]
[EventCountry "NOR"]
[SourceTitle "EXT 2024"]
[Source "ChessBase"]
[SourceDate "2023.10.10"]
[SourceVersion "1"]
[SourceVersionDate "2023.10.10"]
[SourceQuality "1"]

1. e4 e5 2. Nf3 Nc6 3. Bc4 Bc5 4. d3 Nf6 5. Nc3 0-0 6. 0-0 a6 7. Be3 Bxe3 8. fxe3 d6 9. Qe1 Ne7 10. Ne2 c6 11. Bb3 Ng6 12. Ng3 Be6 13. Nd2 Bxb3 14. axb3 d5 15. h3 dxe4 16. Ndxe4 Nxe4 17. Nxe4 f5 18. Nd2 Qe7 19. d4 Rae8 20. Nc4 exd4 21. exd4 Qd7 22. Qf2 f4 23. Rae1 Rxe1 24. Rxe1 f3 25. Ne5 Nxe5 26. dxe5 Qe6 27. gxf3 Qxh3 28. Re3 Rf5 29. Qg2 Qh5 30. f4 Rxf4 31. e6 Rg4 32. Rg3 Rxg3 33. Qxg3 Qg6 34. Qxg6 hxg6 35. Kg2 Kf8 36. Kg3 Ke7 37. Kg4 Kf6 38. e7 Kxe7 39. Kg5 Kf7 40. b4 b6 41. c3 a5 42. bxa5 bxa5 43. b3 c5 44. c4 Ke6 45. Kxg6 Ke5 46. Kxg7 Kd4 47. Kf6 Kc3 48. Ke6 Kxb3 49. Kd5 Kb4 0-1

[Event "Copenhagen Challenge"]
[Site "Ballerup"]
[Date "2019.05.18"]
[Round "6"]
[White "Kaasen, Tor Fredrik"]
[Black "Fossan, Aleksander"]
[Result "1-0"]
[WhiteElo "2398"]
[BlackElo "2075"]
[PlyCount "55"]
[EventDate "2019.05.15"]
[EventType "swiss"]
[EventRounds "9"]
[EventCountry "DEN"]
[SourceTitle "CBM 190 Extra"]
[Source "ChessBase"]
[SourceDate "2019.07.15"]
[SourceVersion "1"]
[SourceVersionDate "2019.07.15"]
[SourceQuality "1"]

1. d4 d6 2. Nf3 Bg4 3. e4 Nf6 4. Nc3 Nbd7 5. h3 Bh5 6. g4 Bg6 7. Qe2 e5 8. g5 Nh5 9. Be3 c6 10. 0-0-0 Qa5 11. h4 0-0-0 12. Bh3 f6 13. Nd2 Bf7 14. d5 Kb8 15. Be6 Bg6 16. dxc6 bxc6 17. Nb3 Qc7 18. Qa6 Nf4 19. Bxd7 Qxd7 20. Nc5 Qc8 21. Qa5 Be7 22. Na6+ Kb7 23. Nb4 c5 24. gxf6 Bxf6 25. Nb5 cxb4 26. Rxd6 Ne2+ 27. Kb1 Qb8 28. Rb6+ 1-0

[Event "Copenhagen Challenge"]
[Site "Ballerup"]
[Date "2019.05.17"]
[Round "5"]
[White "Fossan, Aleksander"]
[Black "Strange, Mikkel"]
[Result "1-0"]
[WhiteElo "2075"]
[BlackElo "2368"]
[PlyCount "47"]
[EventDate "2019.05.15"]
[EventType "swiss"]
[EventRounds "9"]
[EventCountry "DEN"]
[SourceTitle "CBM 190 Extra"]
[Source "ChessBase"]
[SourceDate "2019.07.15"]
[SourceVersion "1"]
[SourceVersionDate "2019.07.15"]
[SourceQuality "1"]

1. e4 e5 2. Nf3 Nc6 3. Bc4 Nf6 4. d3 Bc5 5. Nc3 d6 6. Bg5 h6 7. Bxf6 Qxf6 8. Nd5 Qd8 9. c3 a6 10. d4 Ba7 11. dxe5 Nxe5 12. Nxe5 dxe5 13. Qh5 0-0 14. Qxe5 Re8 15. Qf4 b5 16. Bb3 c5 17. Nc7 c4 18. Nxe8 cxb3 19. Nd6 Be6 20. axb3 Bb8 21. e5 f6 22. Qe4 Ra7 23. 0-0-0 Bxb3 24. Nb7 1-0

[Event "Nordstrand GP A"]
[Site "Oslo"]
[Date "2019.04.07"]
[Round "5"]
[White "Eliseev, Sergey1111"]
[Black "Fossan, Aleksander"]
[Result "1-0"]
[WhiteElo "1867"]
[BlackElo "2105"]
[PlyCount "101"]
[EventDate "2019.04.05"]
[EventType "swiss"]
[EventRounds "5"]
[EventCountry "NOR"]
[SourceTitle "EXT 2024"]
[Source "ChessBase"]
[SourceDate "2023.10.10"]
[SourceVersion "1"]
[SourceVersionDate "2023.10.10"]
[SourceQuality "1"]

1. e4 c5 2. Nf3 Nc6 3. g3 g6 4. Bg2 Bg7 5. 0-0 d6 6. c3 e5 7. d3 Nge7 8. Be3 Bg4 9. Nbd2 Qd7 10. a4 b6 11. Nc4 0-0 12. Qc1 f5 13. h3 fxe4 14. Nfxe5 dxe5 15. hxg4 exd3 16. g5 Rad8 17. Rd1 Qe6 18. b3 Rd7 19. Be4 Rfd8 20. Kg2 Nd4 21. Qb2 Nc2 22. Rac1 Nxe3+ 23. Nxe3 Nf5 24. Nf1 c4 25. Nd2 Nd6 26. Re1 a6 27. bxc4 Nxc4 28. Qb3 b5 29. axb5 axb5 30. Rcd1 Rd6 31. Qxb5 Na3 32. Qb2 Nc2 33. Rh1 Rb6 34. Qc1 Rbd6 35. c4 Qg4 36. Bd5+ Kh8 37. Rxh7+ Kxh7 38. Rh1+ Bh6 39. Rxh6+ Kg7 40. Qh1 Ne3+ 41. fxe3 Qe2+ 42. Kh3 Rxd5 43. cxd5 Qxe3 44. Nf3 d2 45. Nh4 Qe2 46. Rxg6+ Kh7 47. Qb1 Rd7 48. Rh6+ Kg8 49. Qg6+ Kf8 50. Rh8+ Ke7 51. Re8# 1-0

[Event "Kragero op"]
[Site "Kragero"]
[Date "2019.02.24"]
[Round "9"]
[White "Gonzalez, Francisco Silva"]
[Black "Fossan, Aleksander"]
[Result "0-1"]
[WhiteElo "2142"]
[BlackElo "2040"]
[PlyCount "82"]
[EventDate "2019.02.20"]
[EventType "swiss"]
[EventRounds "9"]
[EventCountry "NOR"]
[SourceTitle "CBM 189 Extra"]
[Source "ChessBase"]
[SourceDate "2019.06.03"]
[SourceVersion "1"]
[SourceVersionDate "2019.06.03"]
[SourceQuality "1"]

1. d4 d6 2. e4 Nf6 3. Nc3 e5 4. Nf3 Nbd7 5. h3 Be7 6. Bc4 Nb6 7. Bd3 exd4 8. Nxd4 0-0 9. 0-0 d5 10. e5 Ne8 11. Bf4 c5 12. Nf3 Nc7 13. Bg3 Ne6 14. Re1 Bd7 15. a4 d4 16. Ne4 Nxa4 17. Qc1 Nb6 18. Nf6+ Bxf6 19. exf6 Qxf6 20. b3 Bc6 21. Ne5 Nd5 22. Kh2 Ndf4 23. Ng4 Qg5 24. Bf1 Ng6 25. f4 Nexf4 26. b4 cxb4 27. Qb2 h5 28. Qxb4 hxg4 29. Ra5 Qf6 30. hxg4 Nd5 31. Qd2 Ne3 32. Bd3 Nxg4+ 33. Kg1 Ne3 34. Rh5 Bxg2 35. Rxe3 dxe3 36. Qxg2 Rfe8 37. Qh2 Rad8 38. Be1 Rxd3 39. cxd3 e2 40. Qg3 Qf1+ 41. Kh2 Qf4 0-1